| 000 -CABECERA |
| Campo de control de longitud fija |
02132nam a22003137a 4500 |
| 003 - IDENTIFICADOR DEL NÚMERO DE CONTROL |
| Campo de control |
OSt |
| 005 - FECHA Y HORA DE LA ÚLTIMA TRANSACCIÓN |
| Campo de control |
20260325125828.0 |
| 008 - CÓDIGOS DE INFORMACIÓN DE LONGITUD FIJA |
| Campo de control de longitud fija |
260325t1996 xxu||||| |||| 00| 0 spa d |
| 020 ## - NÚMERO INTERNACIONAL NORMALIZADO PARA LIBROS (ISBN) |
| Número Internacional Normalizado para Libros (ISBN) |
8470303821 |
| 040 ## - FUENTE DE LA CATALOGACIÓN |
| Centro catalogador de origen |
Unicoc |
| Lengua de catalogación |
spa |
| Centro que cataloga |
Bogotá (Dr. David Ordóñez Rueda) - Campus Norte |
| Centro modificador |
Bogotá (Dr. David Ordóñez Rueda) - Campus Norte |
| 082 ## - NÚMERO DE LA CLASIFICACIÓN DECIMAL DEWEY |
| Número de clasificación |
616.89142 |
| 100 ## - PUNTO DE ACCESO PRINCIPAL - NOMBRE DE PERSONA |
| 9 (RLIN) |
12764 |
| Nombre de persona |
Pérez Álvarez, Marino |
| 245 ## - MENCIÓN DE TÍTULO |
| Título |
La psicoterapia desde el punto de vista conductista |
| Mención de responsabilidad etc. |
/ Marino Pérez Álvarez |
| 250 ## - MENCIÓN DE EDICIÓN |
| Mención de edición |
1 Ed. |
| 260 ## - PUBLICATION, DISTRIBUTION, ETC. (IMPRINT) |
| Lugar de publicación distribución etc. |
España : |
| Nombre del editor distribuidor etc. |
Biblioteca Nueva , |
| Fecha de publicación distribución etc. |
1996 |
| 300 ## - DESCRIPCIÓN FÍSICA |
| Extensión |
222 páginas |
| 500 ## - NOTA GENERAL |
| Nota general |
Incluye Referencias bibliográficas |
| 505 ## - NOTA DE CONTENIDO CON FORMATO |
| Título |
Parte I. Historia epistemológica de la terapia de conducta. -- |
| -- |
Capítulo I. Watson y la terapia de conducta avant la lettre. -- |
| -- |
Capítulo II. La terapia de conducta se da de alta. -- |
| -- |
Capítulo III. El análisis aplicado de la conducta. -- |
| -- |
Capítulo IV. Las limitaciones del análisis aplicado y de la terapia de conducta. -- |
| -- |
Capítulo V. El aprendizaje social. -- |
| -- |
Capítulo VI. El enfoque cognitivo de la terapia. -- |
| -- |
Parte II. Panorama actual de la terapia de conducta. -- |
| -- |
Capítulo VII. Enfoques, méritos y limitaciones. -- |
| -- |
Capítulo VIII. Propuestas ante la situación actual. -- |
| -- |
Capítulo IX. Avances en la investigación sobre la conducta verbal. -- |
| -- |
Capítulo X. Definición específica de la terapia de conducta. -- |
| -- |
Parte III. Avances en terapia de conducta. -- |
| -- |
Capítulo XI. La psicoterapia analítica funcional. -- |
| -- |
Capítulo XII. La terapia contextual. -- |
| -- |
Capítulo XIII. Para una reconsideración del yo. -- |
| -- |
Capítulo XIV. Panorama virtual de la terapia de conducta. |
| 526 ## - NOTA DE INFORMACIÓN SOBRE EL PROGRAMA DE ESTUDIO |
| Institución que aplica el campo |
Unicoc |
| 546 ## - NOTA DE LENGUA |
| Nota de lengua |
Español |
| 650 #0 - PUNTO DE ACCESO ADICIONAL DE MATERIA - TÉRMINO DE MATERIA |
| 9 (RLIN) |
9893 |
| Término de materia o nombre geográfico como elemento inicial |
Terapia conductual |
| Subdivisión de materia general |
Historia |
| 650 #0 - PUNTO DE ACCESO ADICIONAL DE MATERIA - TÉRMINO DE MATERIA |
| 9 (RLIN) |
8549 |
| Término de materia o nombre geográfico como elemento inicial |
Terapia cognitiva conductual |
| 650 #0 - PUNTO DE ACCESO ADICIONAL DE MATERIA - TÉRMINO DE MATERIA |
| 9 (RLIN) |
9335 |
| Término de materia o nombre geográfico como elemento inicial |
Conducta (Psicología) |
| Subdivisión de forma |
Terapia |
| 650 #0 - PUNTO DE ACCESO ADICIONAL DE MATERIA - TÉRMINO DE MATERIA |
| 9 (RLIN) |
9893 |
| Término de materia o nombre geográfico como elemento inicial |
Terapia conductual |
| Subdivisión de forma |
Avances |
| 650 #0 - PUNTO DE ACCESO ADICIONAL DE MATERIA - TÉRMINO DE MATERIA |
| 9 (RLIN) |
7681 |
| Término de materia o nombre geográfico como elemento inicial |
Psicoterapia |
| 658 #0 - TÉRMINO DE INDIZACIÓN - OBJETIVO CURRICULAR |
| 9 (RLIN) |
10741 |
| Programa Académico |
Programa de Psicología |
| 856 ## - LOCALIZACIÓN Y ACCESO ELECTRÓNICOS |
| Identificador Uniforme del Recurso (URI) |
https://unicoceduco-my.sharepoint.com/:b:/g/personal/direccionbiblioteca_unicoc_edu_co/IQD_xX3ulbg4Qr-fMjWK6GN0AbFKziI6sWQxKjrdLqonabo |
| Texto del enlace |
Acceso online exclusivo para comunidad Unicoc. |
| 942 ## - ENTRADA PARA ELEMENTOS AGREGADOS (KOHA) |
| Fuente de clasificación o esquema de ordenación en estanterías |
|
| Koha [por defecto] tipo de item |
Libro electrónico |